MDQL
is popping MORE tags! Check the
thread
!
Quizzes
Events
Quiz Creation
Community
Videos
Private Events
Remove Ads
Sign In
Join for FREE
Feedback
Dark Mode
Quiz Categories
Sports
Geography
Music
Movies
Television
Just For Fun
Miscellaneous
History
Literature
Language
Science
Gaming
Entertainment
Religion
Holiday
For Kids
Quiz Lab
Recent
Popular Today
Quiz Kudos Today
Editor Picks
Curator Picks
Quizzes by...
Day
Popularity
Type
Ratings
Length
Year
Community
Subscriptions
Recent Discussions
Orange Saloon
Badges
Playlists
Quests
Create
Leaderboards
Showdown
Live 5
Trivia Bingo
Activity
Puzzle Library
Sporcle Events
Private Events
Virtual Trivia
Globe League
Become a Host
Pub Owners
SporcleCon
Opinionation
Our Games
Videos
Blog
Mobile Apps
Partnerships
Remove Ads and Go Orange
Feedback
Television
TV Characters
TV Show
Sitcom
Network
Friends
Reality Shows
Cast
South Park
Star Trek
The Simpsons
Doctor Who
Television
TV Characters
TV Show
Sitcom
Network
Friends
Reality Shows
Cast
South Park
Star Trek
The Simpsons
Doctor Who
Random Quiz
Search Sporcle
×
Quiz Lab
Quiz Lab
Television
The Sims
Type answers based on single images at one time
Type answers based on single images at one time
Slideshow
Best Score? Go Orange.
Simsified TV Shows Stats
Can you guess which TV show these Sims are trying to portray?
By
sheylamarie
10m
26 Questions
1,093 Plays
1,093 Plays
1,093 Plays
Comments
Comments
Give Quiz Kudos
Give Quiz Kudos
-
- Ratings
hide this ad
Replay
Link that replays current quiz
Next Quiz
Link to next quiz in quiz playlist
You Got
0%
They Got
Avg Score
44%
Avg Friend Score
Upgrade to see
Score Distribution
Jump to the score distribution portion of the page
Score
0/26
Timer
10:00
0
Plays Today
% Correct
Friends
94.4%
The Simpsons
81.8%
Family Guy
78.8%
Orange Is the New Black
75.2%
Buffy the Vampire Slayer
65.3%
Pretty Little Liars
62%
Modern Family
61.6%
Glee
61%
That '70s Show
58.2%
Sex and the City
57.1%
The Vampire Diaries
52.4%
Supernatural
51.6%
Seinfeld
47.1%
% Correct
Gilmore Girls
44.5%
Charmed
40%
Gossip Girl
39.3%
South Park
35.8%
Downton Abbey
34.7%
True Blood
30.1%
The Walking Dead
29.8%
Everybody Loves Raymond
21.1%
Lost
15.3%
One Tree Hill
9.6%
The Originals
4.9%
Boy Meets World
4.4%
Dexter
3%
Quiz Playlist
Details
Report
Send in Message
Add To Playlist
Slideshow:
Type answers based on single images at one time
Last Updated: Oct 18, 2019
Quiz Scoreboard
CHALLENGE
Sign Up to Join the Scoreboard
Show All
Scores
Hide
Comments
May contain spoilers
Recently Published
Colored Red Africa Blitz
by spor1
Geography
30s
Find the 'City' Movie
by crazypaving
Movies
60s
5x2 Blitz: Bands
by SL_Kpop136
Music
30s
More to Explore
Quiz From the Vault
Featured Blog Post
14 Easter Pick-up Lines to Find Eggs With
hide this ad
You Might Also Like...
Tags
sim
Sims 2
Sims 3
The Sims
Today's Top Quizzes in Television
Browse Television
hide this ad
Top Contributed Quizzes in Television
1
Survivor Journey Challenge
2
Brooklyn Nine Nine Logic Puzzle (How-To-Play)
3
Total Drama Characters
4
Phoebe Buffay Quotes
5
Survivor Trivia
6
Survivor Logic Puzzle: Heroes vs. Villains
7
Emmerdale Characters (from August 2012)
8
One Tree Hill Logic Puzzle
9
Adjectives in 00s TV Shows
10
All US Survivor Seasons in Order
Explore More
Trending Topics
Harry Potter
NBA
Crossword
Marvel
Kpop
Disney
Anime
Song
The Office
WWE
Country
Pokémon
Puzzle
NFL
Soccer
hide this ad
More By:
sheylamarie
Quiz
Plays
Rating
Category
Featured
Created
Explain a Film Plot Badly II
243,874
4.57
Movies
Dec 18, 2015
Amazon Movie Reviews
235,489
4.75
Movies
Jan 7, 2016
Amazon Movie Reviews II
181,927
4.68
Movies
Jan 12, 2016
Amazon Movie Reviews IV
170,357
4.12
Movies
Apr 13, 2016
Amazon Movie Reviews III
167,209
4.44
Movies
Jan 12, 2016
Go to Creator's Profile
Score Distribution
Quiz Creator Spotlight
sheylamarie
Follow
Send a Message
Quizzes Created
-
Created Quiz Play Count
-
More By This Creator
Popular Quizzes Today
1
Colored Red Africa Blitz
2
Find the 'City' Movie
3
5x2 Blitz: Bands
4
Find the US States - No Outlines Minefield
5
The Countries of the World
6
Find the US States
7
US States
8
Find the Countries of Europe - No Outlines Minefield
More Television Quizzes
Korean Actors Name by Any Syllable
Quiz Lab
Trending Quizzes
Colored Red Europe Blitz I
Colored Red Europe Blitz II
Colored Red Africa Blitz II
Colored Red Europe Blitz III
Colored Red Africa Blitz III
Recently Updated
How Do You Spell That?
pecheneg
Godzilla Movies
pecheneg
Grab Bag: 4-10 Letters
pecheneg
2024 March Madness Bracket
pecheneg
Famous TV Couples
Peacemaker
Champions League XIs: Real Madrid
pecheneg
Largest US Cities 1790-2010
pecheneg
Rides in Walt Disney World
pecheneg
Most Oscar Losses (Acting)
pecheneg
Beyoncé Albums
pecheneg
Trending Topics
Marvel
NBA
Disney
Harry Potter
Anime
Crossword
Kpop
Soccer
The Office
Puzzle
Country
Pokémon
WWE
Song
NFL
Your Account Isn't Verified!
In order to create a playlist on Sporcle, you need to verify the email address you used during registration. Go to your
Sporcle Settings
to finish the process.
Report this User
Report this user for behavior that violates our
Community Guidelines
.
Details:
Send Report
Go to the Sporcle.com Mobile Site →
Comments